The granite garden : (Record no. 352674)
[ view plain ]
| 000 -LEADER | |
|---|---|
| fixed length control field | 01122 a2200265 4500 |
| 003 - CONTROL NUMBER IDENTIFIER | |
| control field | OSt |
| 005 - DATE AND TIME OF LATEST TRANSACTION | |
| control field | 20180116192341.0 |
| 008 - FIXED-LENGTH DATA ELEMENTS--GENERAL INFORMATION | |
| fixed length control field | 120525t xxu||||| |||| 00| 0 eng d |
| 020 ## - INTERNATIONAL STANDARD BOOK NUMBER | |
| International Standard Book Number | 0465027067 (paperback) |
| 020 ## - INTERNATIONAL STANDARD BOOK NUMBER | |
| International Standard Book Number | 9780465027064 (paperback) |
| 040 ## - CATALOGING SOURCE | |
| Transcribing agency | 0 |
| 082 04 - DEWEY DECIMAL CLASSIFICATION NUMBER | |
| Classification number | 363.700 |
| 100 1# - MAIN ENTRY--PERSONAL NAME | |
| Personal name | Spirn, Anne W. |
| 9 (RLIN) | 2289 |
| 245 14 - TITLE STATEMENT | |
| Title | The granite garden : |
| Remainder of title | urban nature and human design / |
| Statement of responsibility, etc. | Anne W. Spirn. |
| 260 ## - PUBLICATION, DISTRIBUTION, ETC. | |
| Place of publication, distribution, etc. | London : |
| Name of publisher, distributor, etc. | Basic Books, |
| Date of publication, distribution, etc. | 1985. |
| 300 ## - PHYSICAL DESCRIPTION | |
| Extent | 352 p. ; |
| Other physical details | ill ; |
| Dimensions | 23 cm. |
| 500 ## - GENERAL NOTE | |
| General note | Includes index . |
| 520 ## - SUMMARY, ETC. | |
| Summary, etc. | This award-winning book by a Harvard landscape architect proves how important it is to understand the natural settings of cities—their air, water, geology, plant, and animal life—to create better, more habitable urban environmen |
| 650 0# - SUBJECT ADDED ENTRY--TOPICAL TERM | |
| Topical term or geographic name entry element | City planning |
| Chronological subdivision | Environmental aspects |
| 9 (RLIN) | 2290 |
| 650 0# - SUBJECT ADDED ENTRY--TOPICAL TERM | |
| Topical term or geographic name entry element | Human ecology |
| 9 (RLIN) | 2291 |
| 650 0# - SUBJECT ADDED ENTRY--TOPICAL TERM | |
| Topical term or geographic name entry element | Landscape architecture |
| 9 (RLIN) | 2292 |
| 856 ## - ELECTRONIC LOCATION AND ACCESS | |
| Materials specified | Amazon.com |
| Uniform Resource Identifier | <a href="http://www.amazon.com/exec/obidos/ASIN/0465027067/chopaconline">http://www.amazon.com/exec/obidos/ASIN/0465027067/chopaconline</a> |
| 942 ## - ADDED ENTRY ELEMENTS (KOHA) | |
| Institution code [OBSOLETE] | SADA |
| Koha item type | Book |
| Call number prefix | 363.700 SPI 1985 |
| Source of classification or shelving scheme | |
| Withdrawn status | Lost status | Source of classification or shelving scheme | Damaged status | Not for loan | Permanent Location | Current Location | Date acquired | Total Checkouts | Full call number | Barcode | Checked out | Date last seen | Date last checked out | Cost, replacement price | Price effective from | Koha item type |
|---|---|---|---|---|---|---|---|---|---|---|---|---|---|---|---|---|
| School of Art Design and Architecture (SADA) | School of Art Design and Architecture (SADA) | 03/11/2011 | 2 | 363.7 SPI 1985 | SADA0000672 | 12/24/2025 | 11/19/2025 | 11/19/2025 | 2925.00 | 08/05/2011 | Book |
